डॉक्टर जेकिल और मिस्टर हाइड / (Record no. 17314)

MARC details
000 -LEADER
fixed length control field 01110nam a22002417a 4500
005 - DATE AND TIME OF LATEST TRANSACTION
control field 20181220153105.0
010 ## - LCCN (DPL NO)
LC control number B-281534, B-256516
020 ## - INTERNATIONAL STANDARD BOOK NUMBER
International Standard Book Number 8190157809
Terms of availability 100.00
035 ## - SYSTEM CONTROL NUMBER
System control number B-281534, B-256505 B-256514 B-256517
035 ## - SYSTEM CONTROL NUMBER
System control number B-256516
037 ## - SOURCE OF ACQUISITION
Source of stock number/acquisition पु.प्र.अ.प्र./प्रका
082 ## - DEWEY DECIMAL CLASSIFICATION NUMBER
Classification number
100 ## - MAIN ENTRY--PERSONAL NAME
Personal name स्टीवेन्सन,आर.एल.
245 ## - TITLE STATEMENT
Title डॉक्टर जेकिल और मिस्टर हाइड /
Statement of responsibility, etc आर.एल.स्टीवेन्सन
246 ## - VARYING FORM OF TITLE
Title proper/short title
Remainder of title
260 ## - PUBLICATION, DISTRIBUTION, ETC. (IMPRINT)
Place of publication, distribution, etc दिल्ली
Name of publisher, distributor, etc ग्रामोदय प्रकाशन
Date of publication, distribution, etc 2007
-- 2004
270 ## - ADDRESS
Address 511/2, पांडव रोड, विश्वास नगर
City दिल्ली
Postal code 110032
300 ## - PHYSICAL DESCRIPTION
Extent 91पृ
Dimensions 22सेमी(सजिल्द)
Other physical details सचित्र
490 ## - SERIES STATEMENT
Series statement लोकप्रिय विज्ञान माला
650 ## - SUBJECT ADDED ENTRY--TOPICAL TERM
Topical term or geographic name as entry element Zoology
942 ## - ADDED ENTRY ELEMENTS (KOHA)
Item type Hindi Books
Source of classification or shelving scheme Dewey Decimal Classification
Classification part
Call number suffix स्टीवेन्स
Edition 2004
Holdings
Withdrawn status Lost status Not for loan Collection code Home library Current library Date acquired Cost, normal purchase price Full call number Barcode Copy number Cost, replacement price Koha item type Source of acquisition
      Fiction R.C.Libraries (zls) R.C.Libraries (zls) 14/11/2018 100.00 क स्टीवेन्स B-256514   100.00 Children Books  
      Fiction R.C.Libraries (zls) R.C.Libraries (zls) 14/11/2018 100.00 क स्टीवेन्स B-256517   100.00 Children Books  
      Fiction R.C.Libraries (zls) R.C.Libraries (zls) 20/12/2018 100.00 उ स्टीवेना B-256516 1. 100.00 Hindi Books  
        Sarojini Nagar Sarojini Nagar 25/07/2018   क स्टीवेन्स B-256518     Hindi Books  
      Fiction Shahdara Branch Shahdara Branch 05/07/2018 100.00 क स्टीवेन्स B-256505   100.00 Hindi Books BPPD/PUB
      Fiction Vinoba Puri Vinoba Puri 30/10/2008 100.00 क स्टीवेन्स B-281534 1 100.00 Children Books  

© Delhi Public Library
Hit Counter
free hit counter